| 000 | 00981nam a2200277 a 4500 | ||
|---|---|---|---|
| 005 | 20170927170310.0 | ||
| 008 | 080604s2009 ck a jr 00010dspa d | ||
| 020 | _a9589798101 | ||
| 040 |
_aCO-BoBLA _cCO-BoBLA _dCo-BoIAvH |
||
| 041 | _aspa | ||
| 044 | _ack | ||
| 082 | 0 | 4 | _aI595.789 |
| 090 |
_aI-CUE- _b07 |
||
| 100 | 1 |
_aUribe, Cristina. _d1959- |
|
| 245 | 1 | 0 |
_aOrugas en mudanza / _ctextos y fotografías Cristina Uribe. |
| 250 | _aSegunda edición | ||
| 260 | 3 |
_aBogotá : _bCristina Uribe Ediciones, _c2009. |
|
| 300 |
_a33 páginas : _bfotografías a color ; _c23 centímetros. |
||
| 490 | _aLibros Educativos - Aprendiendo sobre el mundo en que vivimos | ||
| 500 | _aGlosario : páginas 32-33. | ||
| 650 | 6 |
_aOrugas _x Hábitos y conducta _v Literatura juvenil. |
|
| 650 | 6 |
_aOrugas _v Fotografías. |
|
| 650 | 6 |
_aMariposas _v Fotografías. |
|
| 700 | 1 |
_aUribe Hurtado, Cristina, _d1956-, _e fotógrafa |
|
| 942 |
_2z _cLIBRO |
||
| 999 |
_c19898 _d19898 |
||